Les Nations amérindiennes au Canada - Mort subite - Statistiques

Statistiques générales
  • Ce quiz a été pris 70 fois
  • Le résultat moyen est 5 sur 10
Answers on the Grid
Answers color-coded by a green-red scale on the quiz's grid according to % correct below.
Les Sioux
Les Navajos
Les Apaches
Les Hurons
Les Iroquois
Les Micmacs
Les Natchez
Les Mayas
Les Algonquins
Les Houmas
Les Comanches
Les Cris
Les Guaranis
Les Incas
Les Innous
Les Abénaquis
Les Outaouais
Les Cheyennes
Les Cherokees
Les Ojibwés
 
Statistiques - réponses
Réponse % Correct
Les Iroquois
69%
Les Algonquins
59%
Les Hurons
55%
Les Cris
51%
Les Abénaquis
47%
Les Micmacs
47%
Les Ojibwés
45%
Les Sioux
45%
Les Outaouais
39%
Les Innous
35%
Aucun quiz correspondant
Distribution des résultats
% des personnes avec chaque résultat
Percentile par nombre de réponses
Votre historique - résultats
Vous n’avez pas pris ce quiz